| 000 | 01821cam a22005174i 4500 | ||
|---|---|---|---|
| 003 | PE-LiUPU | ||
| 005 | 20250731165502.0 | ||
| 008 | 150623s r 000 0 d | ||
| 020 | _a1850759545 | ||
| 035 | _a(Sirsi) i9781850759546 | ||
| 040 |
_aPE-LiUPU _bspa _cPE-LiUPU _erda |
||
| 049 | _aPRUA | ||
| 082 | 0 | 4 |
_a225.077 _bJ _221 |
| 100 | 1 |
_aJack, Alison M., _eautor. |
|
| 245 | 1 | 0 |
_aTexts reading texts, sacred and secular. _n179 / _cAlison M. Jack. |
| 264 | 1 |
_aSheffield, Inglaterra : _bSheffield Academic Press, _c1999. |
|
| 300 |
_a235 páginas ; _c24 centímetros |
||
| 336 |
_atext _2rdacontent |
||
| 337 |
_aunmediated _2rdamedia |
||
| 338 |
_avolume _2rdacarrier |
||
| 490 | 0 |
_aJournal for the Study of the New Testament. Supplement Series ; _v179 |
|
| 504 | _aIncluye bibliografía. | ||
| 505 | 0 | _aMarginalization. -Deconstruction. | |
| 526 | _aSEG44 | ||
| 526 | _aSEG26 | ||
| 526 | _aP151 | ||
| 526 | _aP150 | ||
| 526 | _aP149 | ||
| 526 | _aP146 | ||
| 526 | _aP145 | ||
| 526 | _aP126 | ||
| 526 | _aP125 | ||
| 526 | _aP92 | ||
| 526 | _aP75 | ||
| 526 | _aP74 | ||
| 526 | _aP27 | ||
| 526 | _aP15 | ||
| 600 | 1 |
_aHogg, James. _d1770-1835 _xMemorias |
|
| 630 |
_aBiblia. _pN.T. _pApocalipsis _xCrítica, interpretación, etc. |
||
| 942 |
_2ddc _cBOOK |
||
| 949 |
_aRC 225.077 J 179 _wDEWEY _c1 _i46442 _lCCODEBUL1 _mBUL _r0 _sY _tBOOK _u2015-6-24 _xTEOLOGIA _PP35 _0COMPRA _o.CIRCNOTE. No olvidar cambiar la fecha de devolución!!!!!!! _o.STAFF. Colección General |
||
| 994 |
_aC0 _bPEPRU |
||
| 596 | _a1 | ||
| 999 |
_aRC 225.077 J 179 _wDEWEY _c23208 _i46442 _f2021-11-8 _g7 _lCCODEBUL1 _mBUL _r1 _sY _tBOOK _u2015-6-24 _xTEOLOGIA _PP35 _0COMPRA _o.CIRCNOTE. No olvidar cambiar la fecha de devolución!!!!!!! _o.STAFF. Colección General _d23208 |
||
| 980 |
_81 _gALBERTO SANCHEZ Responsable de Automatización |
||